000 00413nam a2200181Ia 4500
001 3985
005 20260306145723.0
008 260306t2000||||xx |||||||||||||| ||spa||
041 _aESP
082 _a306.0985
_bA45 T. 2
100 _aAlva, Walter
_eAUT
245 0 _aPatrimonio cultural del PerĂº II
260 _c2000
300 _a
_c20 cm.
650 _aGEN
654 _aCHU
942 _cLIB
_dJUS
_fJUS
_2ddc
_n
999 _c3985
_d3985